000 00548nam a2200169Ia 4500
008 090711s9999 xx 000 0 und d
082 _b51590
100 _aक्षेत्रमाडे सुमती
245 _aशततारका
260 _bप्रिया प्रकाशन
_c1985
300 _a216
600 _aक्षेत्रमाडे सुमती
630 _aशततारका
700 _aक्षेत्रमाडे सुमती
730 _aशततारका
942 _cBOOK
999 _c330668
_d330668